00427 a2200109 4500001001000000005001700010008004100027245014500068100002000213773006700233999001700300ART_4250820260410162005.0260409a 10aRazonabilidad, proporcionalidad y límites en el derecho de acceso a formar una familia en las técnicas de reproducción humana asistida1 aHerrera, Marisa0 tTemas de derecho civilg- Año 3, Nº 6 (jun. 2017)wREV34778 c31684d31684